00834nam a2200217 a 450000100060000000300090000600800410001502000150005604000280007108200170009910000250011624500120014126000430015330000110019659000490020765000160025694200120027299900170028495201670030195201480046818421CO-ViMGA141112s2004 ck r 000 u spa d a843581651X aCO-ViMGAbspacCO-ViMGA04a891.73 C434b1 aChejov, Anton92623210aEl Beso aBarcelona (España), cEdhasa, c2000 a370.p. aForma de adquisición : Premio - Mincultura14aNOVELA RUSA 2ddccBK c27719d27719 00102ddc40708003aMEVIECARbMEVIECARd2015-12-04hVolumen. 1 | 11/jun/2009l1m1o891.73 C434b p18421r2019-03-05 00:00:00s2019-03-05tEj. 1w2015-12-04yBK 00102ddc40708012aMEGRANADbMEGRANADcLITd2026-03-02eBIBLIOTECA NACIONALl0oP CHE3pGRDA02160r2026-03-02 21:12:13tEj.1w2026-03-02yBK